| 000 | 00428nam a2200157Ia 4500 | ||
|---|---|---|---|
| 008 | 230312s9999||||xx |||||||||||||| ||und|| | ||
| 020 | _a0-240-80682-4 | ||
| 082 |
_a791.450236 _bPER-P |
||
| 100 | _aPerebinossoff , Philippe | ||
| 245 | 0 | _aProgramming for TV, Radio & the Internet | |
| 260 |
_bElsevier _aUK _c2005 |
||
| 300 | _a32 | ||
| 546 | _aEng. | ||
| 650 |
_acomputer _vNeed for programming , Explosion of Cable |
||
| 942 | _cBK | ||
| 999 |
_c131 _d131 |
||